করতলে মহাদেশ / (Record no. 74559)
[ view plain ]
| 000 -LEADER | |
|---|---|
| fixed length control field | 00811nam a22002177a 4500 |
| 001 - CONTROL NUMBER | |
| control field | 74559 |
| 003 - CONTROL NUMBER IDENTIFIER | |
| rucl marc code | BD-RjUL |
| 005 - DATE AND TIME OF LATEST TRANSACTION | |
| control field | 20211209082553.0 |
| 008 - FIXED-LENGTH DATA ELEMENTS--GENERAL INFORMATION | |
| fixed length control field | 181025s1979 bg ||||| |||| 00| 0 eng d |
| 035 ## - SYSTEM CONTROL NUMBER | |
| System control number | (BD-RjUL)74777 |
| 040 ## - CATALOGING SOURCE | |
| Original cataloging agency | BD-RjUL |
| Language of cataloging | ben |
| Transcribing agency | BD-RjUL |
| 041 ## - LANGUAGE CODE | |
| Language code of text/sound track or separate title | ben |
| 082 ## - DEWEY DECIMAL CLASSIFICATION NUMBER | |
| Classification number | 891.44109 |
| Author mark and year | SAK 1979 |
| 100 ## - MAIN ENTRY--PERSONAL NAME | |
| Personal name | সৈয়দ, আবদুল মান্নান. |
| 9 (RLIN) | 224214 |
| 245 ## - TITLE STATEMENT | |
| Title | করতলে মহাদেশ / |
| Statement of responsibility, etc. | আবদুল মান্নান সৈয়দ |
| 260 ## - PUBLICATION, DISTRIBUTION, ETC. (IMPRINT) | |
| Place of publication, distribution, etc. | ঢাকা : |
| Name of publisher, distributor, etc. | নলেজ হোম, |
| Date of publication, distribution, etc. | ১৯৭৯ |
| 300 ## - PHYSICAL DESCRIPTION | |
| Pagination | ২৩৪,৬ পৃ. ; |
| Size | ২৪ সেমি. |
| 650 ## - SUBJECT ADDED ENTRY--TOPICAL TERM | |
| Topical term or geographic name as entry element | বাংলা কবিতা |
| General subdivision | ইতিহাস ও সমালোচনা |
| 9 (RLIN) | 224215 |
| Topical term or geographic name as entry element | Bengali Poems |
| General subdivision | History and Criticism |
| 9 (RLIN) | 224216 |
| 942 ## - ADDED ENTRY ELEMENTS (KOHA) | |
| Source of classification or shelving scheme | Dewey Decimal Classification |
| Koha item type | Books |
| Lost status | Source of classification or shelving scheme | Damaged status | Not for loan | Collection code | Permanent Location | Current Location | Shelving location | Date acquired | Source of acquisition | Cost, normal purchase price | Total Checkouts | Full call number | Date last seen | Copy number | Koha item type |
|---|---|---|---|---|---|---|---|---|---|---|---|---|---|---|---|
| Dewey Decimal Classification | Not For Loan | Non-fiction | Central Library, University of Rajshahi | Central Library, University of Rajshahi | Reading Room | 22/08/1980 | Neamet book shop,Rajshahi | 25.00 | B 891.44109 SAK 1979 | 25/10/2018 | C-1 | Books |